INTRODUCCION A LA DINAMICA KEYNESIANA (Registro nro. 9276)
[ vista simple ]
| 000 -LEADER | |
|---|---|
| fixed length control field | 00514nam a2200181 a 4500 |
| 001 - CONTROL NUMBER | |
| control field | 9276 |
| 005 - DATE AND TIME OF LATEST TRANSACTION | |
| control field | 20180713193247.0 |
| 008 - FIXED-LENGTH DATA ELEMENTS--GENERAL INFORMATION | |
| fixed length control field | 140415s1978 000 0 spa d |
| 041 ## - LANGUAGE CODE | |
| Language code of text/sound track or separate title | spa |
| 082 ## - DEWEY DECIMAL CLASSIFICATION NUMBER | |
| Classification number | 330.156 |
| Item number | KUR |
| 100 1# - MAIN ENTRY--PERSONAL NAME | |
| Personal name | KURIHARA, KENNETH K. |
| 245 10 - TITLE STATEMENT | |
| Title | INTRODUCCION A LA DINAMICA KEYNESIANA |
| 260 ## - PUBLICATION, DISTRIBUTION, ETC. | |
| Place of publication, distribution, etc. | [s.l.] : |
| Name of publisher, distributor, etc. | FONDO DE CULTURA ECONOMICA, |
| Date of publication, distribution, etc. | 1978 |
| 300 ## - PHYSICAL DESCRIPTION | |
| Extent | 255 |
| 490 ## - SERIES STATEMENT | |
| Series statement | SECCION DE OBRAS DE ECONOMIA |
| 650 14 - SUBJECT ADDED ENTRY--TOPICAL TERM | |
| Topical term or geographic name entry element | ECONOMIA KEYNESIANA |
| 700 1# - ADDED ENTRY--PERSONAL NAME | |
| Personal name | ROMERO, FRANCISCO |
| Relator term | tr. |
| Withdrawn status | Lost status | Source of classification or shelving scheme | Damaged status | Not for loan | Collection code | Home library | Current library | Shelving location | Date acquired | Source of acquisition | Inventory number | Total Checkouts | Full call number | Barcode | Date last seen | Price effective from | Koha item type |
|---|---|---|---|---|---|---|---|---|---|---|---|---|---|---|---|---|---|
| Dewey Decimal Classification | General | Biblioteca Karol Wojtyla | Biblioteca Karol Wojtyla | Sala general | 03/12/2013 | Compra | 151000000000000000049852 | 330.156 KUR | 23457 | 05/01/2026 | 03/12/2013 | Libro | |||||
| Dewey Decimal Classification | General | Biblioteca Karol Wojtyla | Biblioteca Karol Wojtyla | Sala general | 03/12/2013 | Compra | 151000000000000000049855 | 330.156 KUR | 23456 | 05/01/2026 | 03/12/2013 | Libro | |||||
| Dewey Decimal Classification | General | Biblioteca Karol Wojtyla | Biblioteca Karol Wojtyla | Sala general | 03/12/2013 | Compra | 151000000000000000049853 | 330.156 KUR | 26358 | 05/01/2026 | 03/12/2013 | Libro |